| 000 | 00628nam a2200205 a 4500 | ||
|---|---|---|---|
| 005 | 20171201123023.0 | ||
| 008 | 140115s2002 ck a gr|||| 00| 0 spa d | ||
| 020 | _a9588137381 | ||
| 040 |
_aCO-BoIAVH _cCO-BoIAVH |
||
| 041 | 0 | _aspa | |
| 044 | _ack | ||
| 082 |
_a352.743 _bY59v |
||
| 110 | 2 |
_aColombia _bMinisterio de Desarrollo Económico |
|
| 245 |
_aYoo..viendo : _bVeeduría ciudadana |
||
| 260 |
_aBogotá : _bMinisterio de Desarrollo Económico, _c2002? |
||
| 300 |
_a38 páginas : _bIlustraciones ; _c28 x 22 cm. |
||
| 650 | 2 | 6 | _aParticipación ciudadana |
| 650 | 2 | 6 | _aPacifico |
| 942 |
_cLIBRO _2ddc |
||
| 999 |
_c5139 _d5139 |
||